| 000 | 00618nam a2200229Ia 4500 | ||
|---|---|---|---|
| 003 | OSt | ||
| 005 | 20220924122656.0 | ||
| 006 | a|||||r|||| 00| 0 | ||
| 007 | ta | ||
| 008 | 220923b |||||||| |||| 00| 0 urd d | ||
| 024 | _a317843 | ||
| 037 | _cTextual | ||
| 040 |
_aARTS _cARTS _burd |
||
| 041 |
_2urd _aurd |
||
| 082 | _aO168,3N13x, G8 | ||
| 100 |
_aJaafri Ali Sardar Au. _9190312 |
||
| 245 | 0 | _aManzil | |
| 260 |
_aLucknow _bKhalqa-e-adab India _c1938 |
||
| 650 |
_aURDU FICTION _93298 |
||
| 942 |
_hO168,3N13x, G8 _cTEXL _2CC |
||
| 999 |
_c412600 _d412600 |
||